| 000 | 01206nam a22002777a 4500 | ||
|---|---|---|---|
| 005 | 20150202122626.0 | ||
| 008 | 140714b xxu||||| |||| 00| 0 Urdu d | ||
| 010 | _aUR-8572 B-548029 | ||
| 020 |
_a9789350733127 _c200.00 |
||
| 035 | _aU-7127 B-548029 | ||
| 037 | _bBPPD/Pub/Ven | ||
| 037 | _bDBAD/Pub. | ||
| 037 | _bPansy Books(Vend.)/Edu.pub. House(Pub.) | ||
| 040 |
_aDPL _bUrdu |
||
| 082 | _a270.841 | ||
| 100 | _aجلال الد ين ا کبر | ||
| 245 |
_aکو کب حيد رآ با د ی کی نا تھ گو ئ _cجلال الد ين ا کبر |
||
| 246 |
_aKokab Hyderabadi ki Naat Goi _bby Jalaluddin Akbar |
||
| 260 |
_aد ھلی _bا يجو کيشنل پبليشنگ ہا ؤس _c2014 |
||
| 260 | _bPansy Books(Vender) | ||
| 270 |
_a3108،و کيل اسٹر يٹ ،کو چہ پنڈ ت ،لال کنو ا ن _bد ھلی _e110006 _k23216162،23214465 |
||
| 270 |
_aR2,/66/A Somesh Vihar,Chhawala _bNew Delhi _e110071 _k01125317355 |
||
| 300 |
_a144ص _c22Cm (Hb) |
||
| 942 |
_2ddc _cUR _e _h270.841 _mا ک ب |
||
| 999 |
_c87378 _d87378 |
||